Operas (Slideshow) Quiz Stats

Quiz not verified by Sporcle

Also try: Ballets by Picture
Challenge
Share
Tweet
Score 0/30 Timer 10:00
1 Play Today
% Correct
Aida
89.1%
The Barber of Seville
88.6%
Carmen
84.5%
Madama Butterfly
80.4%
The Magic Flute
79%
Nixon in China
75.2%
Don Giovanni
73.3%
Turandot
67.3%
La Cenerentola
65.2%
Otello
63.2%
Porgy and Bess
63%
A Midsummer Night's Dream
60.5%
Salome
60.5%
Tosca
60.1%
Die Walküre
58.3%
% Correct
La Traviata
57.6%
Pagliacci
57.4%
Don Quichotte
56%
Siegfried
53.5%
The Flying Dutchman
52.6%
La bohème
51.2%
Rigoletto
51%
Lucia di Lammermoor
49.7%
Così fan tutte
47.3%
Il Trovatore
46%
Eugene Onegin
44.9%
Fidelio
35.7%
Tristan and Isolde
34.4%
Faust
18.1%
Dido and Aeneas
13.5%

You're not logged in!

Compare scores with friends on all Sporcle quizzes.
Sign Up with Email
OR
Log In

You Might Also Like...

Show Comments

Extras

Curator's Pick Aug 22, 2013ReportNominate
Tags:Classical Quiz, drama, Image Quiz, opera, Slideshow, stage

Top Quizzes Today


Score Distribution

Your Account Isn't Verified!

In order to create a playlist on Sporcle, you need to verify the email address you used during registration. Go to your Sporcle Settings to finish the process.